01947cmm a22003737a 450000100090000000300040000900500170001300700150003000800410004501000170008602000150010303500230011804000250014104200140016605000080018024500390018824600200022725000350024726000350028230000570031750000270037450000710040150000380047252003920051053803210090265000360122371000270125971000310128685600660131790600450138394200200142899900150144895201100146313163877OSt20240709135937.0co |||||||||||030416s2001 ilu m eng d a 2003556778 a0716684934 a(OCoLC)ocm48755434 aGZDcGZDdOCLCQdDLC alccopycat00aAE500aWorld Bookh[electronic resource].3 a2002 World Book a2002 Deluxe ed., version 6.00. aChicago :bWorld Book,cc2001. a2 CD-ROMs :bsd., col. ;c4 3/4 in. +e1 user guide. aTitle from disc label. aSoftware developed for World Book Inc. by IVID Communications Inc. aProduction level cataloging.5DLC aFeatures every article from the printed edition plus thousands more, 3000 new and revised articles, maps, and illustrations were added to this version. Contains full-length videos, simulations, and animations plus thousands of pictures and sounds that bring the topics to life. Provides access to the World Book Dictionary, free online updates and links to World Book reviewed Web sites. aSystem requirements: Pentium-based PC or 100% compatible computer; 16MB RAM (Windows 2000 requires 64MB); Microsoft Windows ME, 2000, 98, 95, or NT 4.0 or higher; 40MB free hard disk space; 16-bit sound card; 16-bit color recommended; 2X CD-ROM drive. For online access: 8MB additional free hard disk space required. 0aElectronic encyclopedias.974352 aWorld Book, Inc.974362 aIVID Communications.97437 uhttps://worldbookonline.com/wb/Login?ed=wbyWorld Book Online a7bcbcccopycatd4encipf20gy-gencompf 2lcccERESOURCES c3450d3450 00102lcc4070aOnlineSubsbOnlineSubscE-BOOKSd2024-07-09l0oAE5r2024-07-09 00:00:00w2024-07-09yEB